000 00874nam a2200205 a 4500
008 070215s2005 ||||||||||||||||| || u
020 _a0195672232
050 _aQK 728 Mol
100 _aBowler, Chris
245 1 0 _aMolecular plant biology, vol. 1 and 2
_cedited by Gilmartin, Philip M.
246 _aa practical approach
260 _aOxford
_bOxford University Press
_c2005
300 _a2 Volumes
350 _a0.00
490 _aThe Practical approach series
650 _aPLANT MOLECULAR BIOLOGY
650 0 _aBIOLOGY
995 _aMAIN LIBRARY OPEN ACCESS
_D0.00
_e737532
_FCBU-MAIN LIBRARY (Kitwe)
_H1
_I0.00
_jQK 728 MOL
_M1
_UAVAILABLE
_WFeb 15, 2007
_y53038
_ZMain Library Open Access Collection
995 _aMAIN LIBRARY OPEN ACCESS
_D0.00
_e737533
_FCBU-MAIN LIBRARY (Kitwe)
_H1
_I0.00
_jQK 728 MOL
_M2
_UAVAILABLE
_WFeb 15, 2007
_y53087
_ZMain Library Open Access Collection
999 _c77619
_d77619